Micronutrients: Minerals (Sudden Death) - Statistics

General Stats
  • This quiz has been taken 12 times
  • The average score is 10 of 14
Answers on the Grid
Answers color-coded by a green-red scale on the quiz's grid according to % correct below.
Aluminum
Bismuth
Cadmium
Calcium
Chlorine
Copper
Gallium
Helium
Iodine
Iron
Lead
Magnesium
Manganese
Mercury
Molybdenum
Neon
Phosphorus
Potassium
Scandium
Selenium
Silver
Sodium
Sulfur
Tin
Titanium
Tungsten
Zinc
 
Answer Stats
Answer % Correct
Calcium
100%
Iron
100%
Potassium
100%
Zinc
100%
Magnesium
89%
Sodium
89%
Iodine
78%
Manganese
67%
Copper
44%
Phosphorus
44%
Selenium
44%
Sulfur
44%
Chlorine
33%
Molybdenum
22%
No matching quizzes found
Score Distribution
Percent of People with Each Score
Percentile by Number Answered
Your Score History
You have not taken this quiz